000 00999nam a22002297a 4500
999 _c962
_d962
003 AR-CdUCM
008 190226b ||||| |||| 00| 0 spa d
040 _aMUNICIPALIDAD PROVINCIAL DEL CUSCO
_cBIBLIOTECA MUNICIPAL DEL CUSCO
082 _a260 /
_bA44
100 _aAluffi, A
_93732
245 _aDialogo y compromiso en la vida religiosa :
_bLa dinámica del concilio examinado a fondo frente a las desviaciones actuales /
_cA. Aluffi
260 _aMadrid :
_bPaulinas,
_c1969.
300 _a260 paginas;
_c17 cm.
505 _aSi a la renovación, pero sin renegar del pasado -- Si a la renovación, pero mas a la que se ha de realizar en nosotros que fuera de nosotros -- Si al apostolado de la vitalidad interior, pero mas como una consecuencia que como técnica de trabajo ...
650 _aRenovación
_93733
650 _aApostolado
_93734
650 _aDialogo
_93735
650 _aPersonalidad
_9925
650 _aValores humanos
_93736
942 _2ddc
_cLIBROS
945 _aacv
_d2019-02-26